000 01551cam a22001934a 4500
005 20250605164237.0
008 250528s ||||||||||||||||||||||||d
035 _a21173
020 _a9780863777417
040 _aGR-AtMCL
_bgre
_dGR-AtMCL
_eAACR2
245 1 _aDoing Qualitative Analysis in Psychology
260 _bPsychology Press,
_c2009
300 _a298
520 _aThis book provides examples of how different psychologists have used qualitative analysis in research. Introduction: Qualitative Research and Research in Psychology, Account Analysis and Its Relatives, An Outline of the Main Methods for Social Psychology, Rhetorical and Discursive Analysis: How Families Talk about the Royal Family, Making an Un-Making Identities: A Psychologist Looks at Art-Work, Theory-Driven Approaches to Qualitative Research, Theory-Led Thematic Analysis: Social Identification in Small Companies, Attributional Coding of Interview Data: Meeting the Needs of Long-Haul Passengers, Qualitative Analysis of Murals in Northern Ireland: Paramilitary Justifications for Political Violence, Grounded Theory and Phenomenology, Developing Theory from case Studies: Self-Reconstruction and the Transition to Motherhood, The Use of Vignettes in the Analysis of Interview Data: Relatives of People with Drug Problems, Caring in Casualty: The Phenomenology of Nursing Care, Using Grounded Theory in Psychological Research, Final Note, References, Author and Subject Index.
700 1 _aHayes Nicky
_987
942 _cBK
999 _c6241
_d6241